| 000 | 00623nam a2200181 i 4500 | ||
|---|---|---|---|
| 001 | 96021 | ||
| 003 | ES-MaACL | ||
| 005 | 20230906181824.0 | ||
| 007 | t| | ||
| 008 | 050609s1969 sp ||||1| spa d | ||
| 100 | 1 |
_aMadariaga de la Campa, Angel. _975295 |
|
| 245 | 1 | 0 |
_aCurso de dibujo _b: mecánica naval 1ª / _cAngel Madariaga de la Campa. |
| 260 |
_aSantander : _bManufacturas Jean, _c1969. |
||
| 300 |
_a65 p. con 44 lám. ; _c31 cm. |
||
| 500 | _aPrecede al tít.: Subsecretaría de la Marina Mercante. | ||
| 710 | 1 |
_aEspaña. _bSubsecretaría de la Marina Mercante. _94000 |
|
| 852 |
_aES-MaACL _jC-35730 _bR.69212 |
||
| 999 |
_c96021 _d96021 |
||